000 01000naa a22002777a 4500
001 BR7703174
003 BR-BrBNA
005 20240918173958.0
007 ta
008 230509b bl.||||| |||| 00| 0 por d
040 _aBR-BrBNA
_bpor
_cBiblioteca Nacional de Agricultura
041 _a(Pt)
072 _aL20; P00
_b8810
_bG514
090 _aL20 BR7703174
100 1 _aLeal, R.P.
245 1 _aExplotacao dos recursos faunisticos terrestres [Ecologia animal; Recurso natural; Brasil]
260 3 _aBrasilia, DF (Brasil):
_c1977.
500 _aEncontros Regionais sobre Conservacao da Fauna e Recursos Faunisticos Brasilia, DF (Brasil): 1977. p. 73-78 (BR7703174-AM)L20
650 _aEcologia animal
650 _aRecurso natural
650 _aAnimal selvagem
650 _aFauna
773 0 _tEncontros Regionais sobre Conservacao da Fauna e Recursos Faunisticos
_wL20 BR7703174
_gBrasilia, DF (Brasil), 1977. p. 73-78
909 _a202404
_bLucia
_c55
_dLucia Elande
942 _cAM
_2AGRIS
999 _c308096
_d308096